• 首页
  • 本馆介绍
  • 公告通知
  • 最新文献
  • 馆藏检索
  • 电子资源
  • 读者导购
  • 参考咨询
  • 我的图书馆
  • 登录
  • 详细信息显示
  • 放入我的书架
  • 预约/预借图书
  • 作者相关作品
  • 分类相关作品
  • 丛书相关作品
  • 出版社相关作品

书目信息

  • 表格格式
  • 工作单格式
  • 卡片格式
题名:
汉代文士浮沉
    
 
作者: 赵敏俐 著
分册:  
出版信息: 北京   现代出版社  2016
页数: 263页
开本: 24cm
丛书名:
单 册:
中图分类: D691.71
科图分类:
主题词: 知识分子--zhi shi fen zi--研究--中国--汉代
电子资源:
ISBN: 978-7-5143-5036-4
000 01253nam0 22002411 450
001 0120082228
005 20170320082228.0
010    @a978-7-5143-5036-4@dCNY48.00
100    @a20170110d2016 em y0chiy50 ea
101 0  @achi
102    @aCN@b110000
105    @ay z 000yd
106    @ar
200 1  @a汉代文士浮沉@9han dai wen shi fu chen@f赵敏俐著
210    @a北京@c现代出版社@d2016
215    @a263页@d24cm
314    @a赵敏俐 (1954-),内蒙古赤峰人,首都师范大学文学院教授、博士生导师,中国古代文学国家重点学科负责人等。享受国务院政府特殊津贴。主要学术著作有《两汉诗歌研究》《汉代诗歌史论》等。
330    @a本书历数从西汉至东汉,各色文人在不同历史时期的人生命运,萧何、贾谊、晁错、董仲舒、司马相如、司马迁、扬雄、班固……他们或角逐于秦汉相交之际,或挣扎在汉初不尚文采的岁月,或得志于汉兴时“独尊儒术”的政治需要,或流连于赋史文章之中。在他们的人生际遇和思想变化背后,是汉代政治思想变化带给文人的命运浮沉。本书从《史记》《汉书》等典籍中取材,勾稽出汉代文人形形色色的言行事迹,对他们的文化人格进行一番历史的追怀,供我们今天的人学习借鉴。
606 0  @a知识分子@9zhi shi fen zi@x研究@y中国@z汉代
690    @aD691.71@v5
701  0 @a赵敏俐@9zhao min li@f(1954-)@4著
801  0 @aCN@bTANGWEI@c20170308
905    @b0957225-7@dD691.71@e216@f3
    
    汉代文士浮沉/赵敏俐著.-北京:现代出版社,2016
    263页;24cm
    
    
    ISBN 978-7-5143-5036-4:CNY48.00
    本书历数从西汉至东汉,各色文人在不同历史时期的人生命运,萧何、贾谊、晁错、董仲舒、司马相如、司马迁、扬雄、班固……他们或角逐于秦汉相交之际,或挣扎在汉初不尚文采的岁月,或得志于汉兴时“独尊儒术”的政治需要,或流连于赋史文章之中。在他们的人生际遇和思想变化背后,是汉代政治思想变化带给文人的命运浮沉。本书从《史记》《汉书》等典籍中取材,勾稽出汉代文人形形色色的言行事迹,对他们的文化人格进行一番历史的追怀,供我们今天的人学习借鉴。
●
相关链接 在E读中查询图书 在五车中查询图书 在当当中查询图书 在豆瓣中查询图书


正题名:汉代文士浮沉     索取号:D691.71/216         预约/预借

序号 登录号 条形码 馆藏地/架位号 状态 备注
1 0957225   209572256   第一样本阅览室/ [索取号:D691.71/216] 在馆    
2 0957226   209572265   第一借阅区/ [索取号:D691.71/216] 在馆    
3 0957227   209572274   第一借阅区/ [索取号:D691.71/216] 在馆    
唐山师范学院图书馆 欢迎您!
大连网信软件有限公司© 版权所有